[Event "Wellington Club Championship - Open Swiss"]
[Site "Wellington Chess Club"]
[Date "2024.10.03"]
[Round "2.7"]
[White "Hupert, Leo"]
[Black "Ashe, Michael"]
[Result "1-0"]
[WhiteElo "1389"]
[BlackElo "1591"]
[WhiteFideId "0"]
[BlackFideId "4310462"]
[PlyCount "0"]
[EventDate "2024.09.26"]
[SourceDate ""]

1. d4 Nf6 2. Nc3 d5 3. Bf4 Bf5 4. e3 e6 5. a3 Bd6 6. Be5 Bxe5 7. dxe5 Ng4 8.
Nf3 Nd7 9. Nd4 Ngxe5 10. Nxf5 exf5 11. Qxd5 c6 12. Qd6 Qe7 13. O-O-O Qxd6 14.
Rxd6 Ke7 15. Rd2 Nc5 16. h3 Rad8 17. f4 Rxd2 18. Kxd2 Rd8+ 19. Kc1 Ned7 20. b4
Ne4 21. Nxe4 fxe4 22. Be2 Nb6 23. Rd1 Nd5 24. Rd4 f5 25. Kd2 g6 26. c4 Nf6 27.
Rxd8 Kxd8 28. Kc3 Kd7 29. Kd4 b6 30. a4 a6 31. g4 Ke6 32. a5 b5 33. Kc5 Kd7 34.
Kb6 bxc4 35. Bxc4 Nd5+ 36. Bxd5 cxd5 37. Kc5 d4 38. Kxd4 Kd6 39. g5 Kc6 40. Kc4
Kd6 41. b5 axb5+ 42. Kxb5 Kc7 43. a6 1-0

[Event "Wellington Club Championship - Open Swiss"]
[Site "Wellington Chess Club"]
[Date "2024.10.03"]
[Round "2.8"]
[White "Dey, Kyle"]
[Black "Joseph, Joji Chacko"]
[Result "0-1"]
[WhiteElo "917"]
[BlackElo "1584"]

1. e4 c5 2. Nf3 Nc6 3. Bc4 e6 4. O-O g6 5. c3 Bg7 6. d4 cxd4 7. cxd4 Nge7 8.
Nc3 O-O 9. Be3 d5 10. Bd3 Qb6 11. Bb5 a6 12. Bxc6 Nxc6 13. b3 dxe4 14. Nxe4 Qc7
15. Nc3 Rd8 16. Ne2 e5 17. Re1 Bg4 18. Nd2 exd4 19. Bg5 Re8 20. f3 Bf5 21. Bf4
Qd7 22. Nc4 d3 23. Rc1 dxe2 24. Rxe2 Qxd1+ 25. Rxd1 Rxe2 26. Ne3 Re8 27. Rf1
Bd4 0-1

[Event "Wellington Club Championship - Open Swiss"]
[Site "Wellington Chess Club"]
[Date "2024.10.03"]
[Round "2.9"]
[White "Brockway, Andrew"]
[Black "Sethuramalingam, Niranjana"]
[Result "1-0"]
[WhiteElo "1713"]
[BlackElo "1098"]
[PlyCount "49"]
[EventDate "2024.09.26"]

1. e4 c6 2. d4 d5 3. exd5 cxd5 4. Bd3 Nc6 5. c3 e5 6. dxe5 Nxe5 7. Bb5+ Bd7 8.
Bxd7+ Qxd7 9. Bf4 Bd6 10. Qxd5 f6 11. Bxe5 fxe5 12. Ne2 b5 13. Qxa8+ Kf7 14.
O-O Qg4 15. Qxa7+ Ne7 16. Qe3 Nf5 17. Qf3 Qg6 18. Ng3 Ke6 19. Qxf5+ Qxf5 20.
Nxf5 Kxf5 21. Nd2 b4 22. cxb4 Bxb4 23. Nb3 Rc8 24. Rac1 Ra8 25. a3 1-0

[Event "Wellington Club Championship - Open Swiss"]
[Site "Wellington Chess Club"]
[Date "2024.10.03"]
[Round "2.10"]
[White "He, Zachary"]
[Black "Hurndell, Robert"]
[Result "1-0"]
[WhiteElo "1261"]
[BlackElo "1730"]
[WhiteFideId "4320905"]
[BlackFideId "4310233"]
[PlyCount "0"]
[EventDate "2024.09.26"]
[SourceDate ""]

1. e4 c5 2. c3 Nf6 3. e5 Nd5 4. d4 cxd4 5. Nf3 e6 6. cxd4 Nc6 7. Bc4 Nb6 8. Bb3
Be7 9. O-O O-O 10. Bd2 d6 11. Re1 dxe5 12. dxe5 Qc7 13. Qc2 h6 14. Nc3 Nb4 15.
Qe4 Qc6 16. Qg4 Kh8 17. Re3 N4d5 18. Rd3 Nxc3 19. Nd4 Ne2+ 20. Nxe2 f5 21. exf6
Bxf6 22. Re3 e5 23. Qb4 Bf5 24. Bc3 Nd5 25. Bxd5 Qxd5 26. a3 a5 27. Qa4 b5 28.
Qd1 Rfd8 29. Qxd5 Rxd5 30. Re1 a4 31. Ng3 Bc2 32. Bxe5 Re8 33. Bxf6 Rxe3 34.
fxe3 gxf6 35. Kf2 Bb3 36. Ne4 Kg7 37. Nc3 Rf5+ 38. Kg1 Bc4 39. Rd1 Kg6 40. g3
Rf3 41. e4 Rd3 42. Rxd3 Bxd3 43. Kf2 Kg5 44. Kf3 h5 45. h4+ Kg6 46. Kf4 Bc4 47.
e5 Kf7 48. Kf5 Bd3+ 49. Ne4 fxe5 50. Kxe5 Ke7 51. Kf4 Be2 52. Kg5 Ke6 53. Nf6
Ke5 54. Nxh5 Kd4 55. Nf4 Bd1 56. h5 Bxh5 57. Kxh5 Kc4 58. g4 Kb3 59. g5 Kxb2
60. g6 Kxa3 61. g7 b4 62. g8=Q b3 63. Nd3 b2 64. Qg1 Ka2 65. Qf2 a3 66. Nxb2
axb2 67. Kg4 Ka1 68. Qa7+ Kb1 69. Kf4 Kc2 70. Qc5+ Kd1 71. Qd4+ Kc2 72. Qc4+
Kd2 73. Qb3 Kc1 74. Qc3+ Kb1 75. Ke3 Ka2 76. Qa5+ Kb3 77. Qb5+ Kc2 78. Qc4+ Kd1
79. Qb3+ Kc1 80. Qc3+ Kb1 81. Kd3 Ka2 82. Qa5+ Kb3 83. Qb5+ Ka2 84. Kc2 1-0

[Event "Wellington Club Championship - Open Swiss"]
[Site "Wellington Chess Club"]
[Date "2024.10.03"]
[Round "2.11"]
[White "Marney, John"]
[Black "Ravi, Vrajesh"]
[Result "1-0"]
[WhiteElo "1696"]
[BlackElo "1114"]
[PlyCount "87"]
[EventDate "2024.09.26"]

1. e4 e5 2. Nf3 Nc6 3. Bc4 Bc5 4. c3 Nf6 5. d4 exd4 6. e5 Ng4 7. Bxf7+ Kxf7 8.
Ng5+ Ke8 9. Qxg4 Nxe5 10. Qe4 Qe7 11. O-O dxc3 12. Nxc3 h6 13. Bf4 hxg5 14.
Bxe5 d6 15. Bxg7 Qxe4 16. Nxe4 Rh4 17. Nxc5 dxc5 18. Bf6 Rh5 19. Rad1 Kf7 20.
Be5 Bg4 21. f3 Ke6 22. fxg4 Rhh8 23. Bxh8 Rxh8 24. Rfe1+ Kf6 25. Rd7 Rc8 26.
Ree7 b6 27. Rxc7 Rxc7 28. Rxc7 Ke6 29. Rxa7 Kd6 30. Rb7 Kc6 31. Rg7 Kd5 32.
Rxg5+ Kd4 33. Rf5 Ke4 34. Rf3 Ke5 35. h4 Ke6 36. h5 Ke7 37. h6 Ke8 38. h7 Ke7
39. h8=Q Ke6 40. Rf5 Ke7 41. Qh6 Ke8 42. Qg6+ Kd8 43. Rf7 Ke8 44. Qg8# 1-0

[Event "Wellington Club Championship - Open Swiss"]
[Site "Wellington Chess Club"]
[Date "2024.10.03"]
[Round "2.12"]
[White "Ulm, Eric"]
[Black "Wilkins, Mark"]
[Result "1/2-1/2"]
[WhiteElo "1473"]
[BlackElo "1906"]
[WhiteFideId "4325575"]
[BlackFideId "4302389"]
[PlyCount "0"]
[EventDate "2024.09.26"]
[SourceDate ""]

1. e4 c5 2. Nf3 g6 3. d4 cxd4 4. Qxd4 Nf6 5. Nc3 Nc6 6. Qa4 d6 7. e5 Ng4 8. Bb5
Bd7 9. exd6 exd6 10. Bxc6 bxc6 11. Qd4 Qf6 12. Qxf6 Nxf6 13. O-O O-O-O 14. Re1
h6 15. Be3 c5 16. Bd2 Bc6 17. Re3 Ng4 18. Rd3 Bg7 19. b3 d5 20. Re1 c4 21. bxc4
dxc4 22. Rxd8+ Rxd8 23. Nb1 Re8 24. Rxe8+ Bxe8 25. h3 Ne5 26. Nxe5 Bxe5 27. Be3
a6 28. c3 g5 29. g3 Bd7 30. Kg2 Bf5 31. Nd2 Bd3 32. Bd4 Bc7 33. Kf3 Kd7 34. Kg4
f5+ 35. Kh5 f4 36. g4 Bd8 37. Kxh6 Ke6 38. Nf3 Bf1 39. Nxg5+ Bxg5+ 40. Kxg5
Bxh3 41. Kxf4 Bf1 42. g5 Bd3 43. Bf6 Bg6 44. Ke3 Kd5 45. f4 Bf5 46. Kf3 Ke6
1/2-1/2

[Event "Wellington Club Championship - Open Swiss"]
[Site "Wellington Chess Club"]
[Date "2024.10.03"]
[Round "2.13"]
[White "Grant, Elliot"]
[Black "Qin, Dan"]
[Result "1/2-1/2"]
[WhiteElo "1667"]
[BlackElo "1177"]
[WhiteFideId "0"]
[BlackFideId "0"]
[PlyCount "0"]
[EventDate "2024.09.26"]
[SourceDate ""]

1. e4 c6 2. d4 d5 3. e5 c5 4. c3 Nc6 5. Nf3 Bg4 6. Be3 e6 7. dxc5 Nge7 8. Be2
Nf5 9. Qd2 Nxe3 10. Qxe3 Bxf3 11. Bxf3 Qc7 12. b4 Nxe5 13. Nd2 Nxf3+ 14. Nxf3
Be7 15. O-O O-O 16. Rfe1 Bf6 17. Rad1 b6 18. cxb6 axb6 19. Nd4 Bxd4 20. Qxd4
Rxa2 21. Re3 Rfa8 22. Rg3 f6 23. Qxf6 Ra1 24. Qxe6+ Qf7 25. Qxf7+ Kxf7 26. Rd3
Rxd1+ 27. Rxd1 Ra3 28. Rc1 Ke6 29. Kf1 Ra2 30. Ke1 Ke5 31. c4 dxc4 32. Rxc4 Kd5
33. Rc7 b5 34. g3 Kd4 35. Rxg7 Kc3 36. Rxh7 Kxb4 37. h4 Kc3 38. Rc7+ Kd3 39.
Rd7+ Kc3 40. h5 b4 41. h6 Ra8 42. Rb7 b3 43. g4 b2 44. h7 Rh8 45. g5 Rxh7 46.
Rb6 Rh1+ 47. Ke2 b1=Q 48. Rxb1 Rxb1 49. Kf3 Rb8 50. Kg4 1/2-1/2

[Event "Wellington Club Championship - Open Swiss"]
[Site "Wellington Chess Club"]
[Date "2024.10.03"]
[Round "2.14"]
[White "He, Jacob"]
[Black "List, Robert"]
[Result "0-1"]
[WhiteElo "1058"]
[BlackElo "1653"]

1. e4 b6 2. d4 Bb7 3. Nc3 e6 4. f3 Bb4 5. Ne2 c5 6. Be3 d5 7. e5 cxd4 8. Bxd4
Nc6 9. Qd3 Nxd4 10. Nxd4 Bc5 11. Ndb5 Ne7 12. a3 Nc6 13. f4 a6 14. b4 Be7 15.
Nd4 O-O 16. Nxc6 Bxc6 17. Qh3 Bh4+ 18. Kd2 b5 19. Bd3 h6 20. Qg4 Be7 21. Rhe1
a5 22. bxa5 Qxa5 23. Re3 f5 24. exf6 Bxf6 25. Qg6 Qxc3+ 26. Ke2 Rae8 27. Rf1 e5
28. fxe5 Rxe5 29. Rxe5 Qxe5+ 30. Kd2 Bg5+ 31. Kd1 Qa1+ 32. Ke2 Qxf1# 0-1

[Event "Wellington Club Championship - Open Swiss"]
[Site "Wellington Chess Club"]
[Date "2024.10.03"]
[Round "2.15"]
[White "Farrington, Lawrence B"]
[Black "Miriyala, Sreenikesh"]
[Result "0-1"]
[WhiteElo "1646"]
[BlackElo "948"]

1. d4 d6 2. e4 Nf6 3. Bd3 g6 4. c4 Bg7 5. Be3 O-O 6. Ne2 e5 7. d5 Nbd7 8. b4 c5
9. Qd2 Qc7 10. f3 b6 11. O-O Nh5 12. f4 exf4 13. Nxf4 Nxf4 14. Bxf4 Bxa1 15.
Bh6 Bg7 16. Bxg7 Kxg7 17. Na3 Ne5 18. Nb5 Qe7 19. Be2 Bg4 20. Bxg4 Nxg4 21. Qf4
Ne5 22. Na3 Nd3 23. Qd2 Qxe4 24. bxc5 dxc5 25. Nb5 Qxc4 26. Nc7 Rac8 27. d6 0-1

[Event "Wellington Club Championship - Open Swiss"]
[Site "Wellington Chess Club"]
[Date "2024.10.03"]
[Round "2.16"]
[White "Wong, Jaden"]
[Black "Munim, Ahmed"]
[Result "0-1"]
[WhiteElo "995"]
[BlackElo "1542"]

1. e4 c5 2. Bc4 e6 3. Nc3 Nf6 4. d3 d5 5. exd5 exd5 6. Bb3 Be7 7. Nf3 d4 8. Ne2
Bg4 9. Ng3 O-O 10. O-O Nc6 11. h3 Bxf3 12. Qxf3 a5 13. c3 dxc3 14. bxc3 Ne5 15.
Qxb7 Nxd3 16. Rd1 Rc8 17. Bc4 Rc7 18. Qf3 Rd7 19. Bb5 Ne5 20. Rxd7 Nxf3+ 21.
gxf3 Nxd7 22. Bf4 Bf6 23. Rd1 Qb6 24. Bxd7 Rd8 25. Re1 Kf8 26. Bf5 g6 27. Rb1
Qa6 28. Bc2 Qc4 29. Bh6+ Bg7 30. Bg5 f6 31. Bf4 Qxf4 32. Kg2 Rd2 33. Bb3 Rd3
34. Bd1 Rxc3 35. Rb3 Rxb3 36. Bxb3 c4 37. Bc2 Qd2 38. Ba4 Qxa2 0-1

[Event "Wellington Club Championship - Open Swiss"]
[Site "Wellington Chess Club"]
[Date "2024.10.03"]
[Round "2.18"]
[White "Kumar, Raghava"]
[Black "Osborne, Geoff"]
[Result "1-0"]
[WhiteElo "1500"]
[BlackElo "1517"]
[PlyCount "58"]
[EventDate "2024.09.26"]

1. d4 d5 2. f4 Nf6 3. e3 Bf5 4. Bd3 Bxd3 5. Qxd3 e6 6. Qb5+ Nc6 7. Qxb7 Nb4 8.
Qb5+ c6 9. Qe2 a5 10. c3 Na6 11. Nf3 Be7 12. O-O Nc7 13. Ne5 c5 14. Nc6 Qd7 15.
Nxe7 Qxe7 16. b3 Ne4 17. Qc2 Na6 18. Nd2 Nxd2 19. Bxd2 O-O 20. Rf3 Nc7 21. Raf1
f5 22. c4 Rad8 23. Bxa5 Ra8 24. Bb6 Na6 25. cxd5 exd5 26. dxc5 Rfc8 27. Qxf5
Kh8 28. Qxd5 Nxc5 29. Bxc5 Ra5 1-0

[Event "Wellington Club Championship - Open Swiss"]
[Site "Wellington Chess Club"]
[Date "2024.10.03"]
[Round "2.19"]
[White "Saglam, Azra Sena"]
[Black "Dhamodharam, Aadhav"]
[Result "1/2-1/2"]
[WhiteElo "1589"]
[BlackElo "1477"]
[PlyCount "46"]
[EventDate "2024.09.26"]

1. c4 e5 2. Nc3 Nf6 3. g3 d5 4. cxd5 Nxd5 5. Bg2 Be6 6. Nf3 Nc6 7. d4 exd4 8.
Nxd4 Nxd4 9. Qxd4 Nxc3 10. Qxc3 c6 11. O-O Qd7 12. Bf4 O-O-O 13. a4 f6 14. b4
Bd6 15. Bxd6 Qxd6 16. b5 Bd5 17. Bxd5 Qxd5 18. Rac1 Kc7 19. Qa5+ Kb8 20. Rfd1
Qxd1+ 21. Rxd1 Rxd1+ 22. Kg2 cxb5 23. Qxb5 Rhd8 1/2-1/2

[Event "Wellington Club Championship - Open Swiss"]
[Site "Wellington Chess Club"]
[Date "2024.10.03"]
[Round "2.20"]
[White "Yeo, Kayden"]
[Black "Bicalho, Frederico Meneses"]
[Result "0-1"]
[WhiteElo "1457"]
[BlackElo "1500"]
[WhiteFideId "0"]
[BlackFideId "44794835"]
[PlyCount "0"]
[EventDate "2024.09.26"]
[SourceDate ""]

1. e4 c5 2. Nf3 Nc6 3. c3 Nf6 4. d4 Nxe4 5. d5 Nb8 6. Bd3 Nf6 7. Ne5 a6 8. O-O
d6 9. Nf3 Nxd5 10. Re1 Nf6 11. Bg5 e6 12. a4 Be7 13. Qc2 Nbd7 14. Nbd2 d5 15.
c4 O-O 16. Ne5 Nxe5 17. Rxe5 h6 18. Bxh6 gxh6 19. Nf3 Re8 20. Qd2 Bf8 21. Qf4
Bg7 22. Qg3 dxc4 23. Bxc4 b6 24. Be2 Bb7 25. Ng5 Qc7 26. Bf3 Bxf3 27. Nxf3 Rad8
28. Rae1 Re7 29. Qh4 Red7 30. Qc4 Qb7 31. a5 Rd5 32. R5e2 bxa5 33. b3 Qb5 34.
Qc2 Rb8 35. Re3 Ng4 36. Re4 Nf6 37. R4e3 Rbd8 38. h3 Rd3 39. Re5 Nd5 40. R5e4
Rxb3 41. Nd2 Rc3 42. Qd1 Nf6 43. R4e2 Rcd3 44. Qc1 Nd5 45. Qc2 Nc3 46. Re3 Rxd2
47. Qc1 Ne2+ 48. R3xe2 Rxe2 49. Rf1 c4 50. Rd1 Rd5 51. Rf1 Rdd2 52. Qa3 Qb4 53.
Qf3 c3 54. Qa8+ Bf8 55. Qxa6 c2 56. Qc6 Qc5 57. Qf3 c1=Q 58. Qg3+ Bg7 59. Qb8+
Qc8 60. Qb5 Qxf1+ 61. Kxf1 Qc1# 0-1

[Event "Wellington Club Championship - Open Swiss"]
[Site "Wellington Chess Club"]
[Date "2024.10.03"]
[Round "2.21"]
[White "Hamilton, Marcus"]
[Black "Thingbaijam, Conan"]
[Result "0-1"]
[WhiteElo "1300"]
[BlackElo "1325"]

1. e4 c5 2. Nf3 Nc6 3. Bb5 a6 4. Ba4 d6 5. O-O Nf6 6. Nc3 g6 7. Nd5 Bg7 8.
Nxf6+ Bxf6 9. c3 e5 10. Bb3 O-O 11. d3 Bd7 12. Bd2 Qc7 13. Bg5 Bxg5 14. Nxg5
Kg7 15. Qf3 Be8 16. Qg4 h5 17. Qh3 Qd7 18. Rae1 Qxh3 19. Nxh3 Bd7 20. Re3 f5
21. Ng5 Rae8 22. f4 fxe4 23. Rxe4 Bf5 24. fxe5 Bxe4 25. Rxf8 Kxf8 26. Ne6+ Rxe6
27. Bxe6 Bxd3 28. exd6 Bf5 29. Bxf5 gxf5 30. Kf2 Ke8 31. Kf3 Kd7 32. Kf4 Ke6
33. Kg5 Kxd6 34. Kxh5 Ne7 35. Kg5 Ke5 36. h4 Nc8 37. h5 Nd6 38. g4 Ne4+ 39. Kg6
fxg4 40. h6 Nf6 41. Kg5 g3 42. Kh4 0-1

[Event "Wellington Club Championship - Open Swiss"]
[Site "Wellington Chess Club"]
[Date "2024.10.03"]
[Round "2.22"]
[White "Hao, John"]
[Black "Sun, William"]
[Result "0-1"]
[WhiteElo "1045"]
[BlackElo "807"]
[PlyCount "84"]
[EventDate "2024.09.26"]

1. e4 c6 2. d4 d5 3. Nc3 dxe4 4. Nxe4 Bf5 5. Ng3 Bg6 6. Nf3 Nd7 7. Bd3 Bxd3 8.
Qxd3 Ngf6 9. O-O c5 10. dxc5 Nxc5 11. Qb5+ Ncd7 12. Qxb7 e5 13. Re1 Bd6 14. Bf4
O-O 15. Nxe5 Nxe5 16. Bxe5 Bxe5 17. Rxe5 Qd6 18. Ra5 Rfd8 19. Rxa7 Rxa7 20.
Qxa7 Ne4 21. Re1 Nxg3 22. hxg3 h5 23. Re7 Qd1+ 24. Kh2 Qxc2 25. Rxf7 Qxb2 26.
Rxg7+ Qxg7 27. Qb6 Rd5 28. Qe6+ Qf7 29. Qxf7+ Kxf7 30. f3 Ra5 31. f4 Rxa2 32.
f5 Kf6 33. Kh1 Kxf5 34. Kg1 Kg4 35. Kh2 Rb2 36. Kg1 Kxg3 37. Kf1 Rxg2 38. Ke1
Kf3 39. Kf1 h4 40. Ke1 h3 41. Kf1 h2 42. Ke1 h1=Q# 0-1

[Event "Wellington Club Championship - Open Swiss"]
[Site "Wellington Chess Club"]
[Date "2024.10.10"]
[Round "3.1"]
[White "Lavender, Ariel J"]
[Black "Coates, Alex"]
[Result "0-1"]
[WhiteElo "1547"]
[BlackElo "1887"]

1. d4 Nf6 2. Nf3 d5 3. c4 c6 4. Nc3 Bg4 5. Ne5 Bh5 6. g3 e6 7. Bg2 Nbd7 8. cxd5
exd5 9. O-O Nxe5 10. dxe5 Nd7 11. Qd4 Bc5 12. Qf4 Qe7 13. e4 d4 14. Na4 Bb4 15.
a3 Ba5 16. b4 Bc7 17. Qd2 b5 18. Nb2 Bxe5 19. f4 Bc7 20. Qxd4 Bb6 0-1

[Event "Wellington Club Championship - Open Swiss"]
[Site "Wellington Chess Club"]
[Date "2024.10.10"]
[Round "3.2"]
[White "Thirkell, Zachary"]
[Black "Kang, Eushin"]
[Result "1/2-1/2"]
[WhiteElo "1834"]
[BlackElo "1500"]
[WhiteFideId "4322207"]
[BlackFideId "0"]
[PlyCount "0"]
[EventDate "2024.09.26"]
[SourceDate ""]

1. d4 Nf6 2. Bg5 Ne4 3. Bf4 d5 4. e3 c5 5. c3 Qb6 6. Qc1 g6 7. Nd2 Bf5 8. Ngf3
Bg7 9. Be2 O-O 10. Nxe4 Bxe4 11. h4 Nd7 12. h5 cxd4 13. exd4 Bxf3 14. Bxf3 e5
15. dxe5 Nxe5 16. Bxe5 Rae8 17. Kf1 Rxe5 18. hxg6 fxg6 19. Qc2 Rfe8 20. Kg1 Qe6
21. Qd2 b6 22. Rf1 Bf6 23. b3 Bg5 24. Qd1 h6 25. Bg4 Qe7 26. Qd3 Qf7 27. Rh3
Kh7 28. Rf3 Qe7 29. Bh5 Rg8 30. Bg4 Rg7 31. Rh3 Qc5 32. Kh1 Re4 33. Bd1 Rf4 34.
Qg3 d4 35. cxd4 Rxd4 36. Qc3 Qxc3 37. Rxc3 Rd2 38. Rc2 Rgd7 39. Rxd2 Rxd2 40.
a4 a5 41. Kg1 Be7 42. Bg4 h5 43. Be6 Bc5 44. g3 Kh6 45. Kg2 g5 46. Bc4 Kg6 47.
Bb5 Kf5 48. Bc4 h4 49. gxh4 gxh4 50. Bg8 Kf4 51. Bc4 Kg4 52. Be6+ Kf4 53. Bc4
1/2-1/2

[Event "Wellington Club Championship - Open Swiss"]
[Site "Wellington Chess Club"]
[Date "2024.10.10"]
[Round "3.3"]
[White "Pickering, Dean"]
[Black "Saglam, Yigit"]
[Result "1-0"]
[WhiteElo "1274"]
[BlackElo "1810"]
[WhiteFideId "0"]
[BlackFideId "0"]
[PlyCount "0"]
[EventDate "2024.09.26"]
[SourceDate ""]

1. e4 d5 2. exd5 Nf6 3. Nf3 Nxd5 4. d4 Bg4 5. Be2 e6 6. O-O Bd6 7. Bg5 f6 8.
Bh4 Nf4 9. Nbd2 Nxe2+ 10. Qxe2 g5 11. Bg3 Bxg3 12. fxg3 Qd7 13. c3 Nc6 14. Ne4
Qe7 15. h3 Bf5 16. g4 Bxe4 17. Qxe4 O-O-O 18. Rad1 h5 19. Rfe1 Rde8 20. gxh5
Rxh5 21. d5 Qc5+ 22. Kh1 f5 23. Qe2 g4 24. dxc6 gxh3 25. cxb7+ Kxb7 26. gxh3
Rxh3+ 27. Nh2 Reh8 28. Qg2+ Kb6 29. Rxe6+ c6 30. Rdd6 Rxh2+ 31. Qxh2 Rxh2+ 32.
Kxh2 Qf2+ 33. Kh3 Kb5 34. Rxc6 f4 35. c4+ Kb4 36. Rg6 Qxb2 37. Rb6+ axb6 38.
Rxb6+ Kc3 1-0

[Event "Wellington Club Championship - Open Swiss"]
[Site "Wellington Chess Club"]
[Date "2024.10.10"]
[Round "3.4"]
[White "Marney, John"]
[Black "Hupert, Leo"]
[Result "1-0"]
[WhiteElo "1696"]
[BlackElo "1389"]
[WhiteFideId "0"]
[BlackFideId "0"]
[PlyCount "0"]
[EventDate "2024.09.26"]
[SourceDate ""]

1. e4 e5 2. Nf3 Nc6 3. Bc4 Nf6 4. d3 h6 5. c3 d5 6. exd5 Nxd5 7. O-O a6 8. Bb3
Nf6 9. Nbd2 Qxd3 10. Re1 Bd6 11. Bc2 Qb5 12. c4 Qb6 13. a3 Ng4 14. Qe2 Nxf2 15.
Kf1 Ng4 16. b4 Be7 17. Bb2 Bg5 18. c5 Qb5 19. Bd3 Qa4 20. Nxg5 hxg5 21. h3 Nf6
22. Bxe5 Be6 23. Bxc7 Nd4 24. Qe5 Qd7 25. Bd6 Nc6 26. Qxg5 Nh5 27. Nc4 Qd8 28.
Rxe6+ fxe6 29. Qg6+ Kd7 30. Nb6+ Qxb6 31. cxb6 Kc8 32. Qxe6+ 1-0

[Event "Wellington Club Championship - Open Swiss"]
[Site "Wellington Chess Club"]
[Date "2024.10.10"]
[Round "3.5"]
[White "He, Zachary"]
[Black "Brockway, Andrew"]
[Result "1-0"]
[WhiteElo "1261"]
[BlackElo "1713"]
[WhiteFideId "4320905"]
[BlackFideId "4301340"]
[PlyCount "0"]
[EventDate "2024.09.26"]
[SourceDate ""]

1. e4 c6 2. d4 d5 3. exd5 cxd5 4. Bd3 Nc6 5. c3 Nf6 6. Ne2 g6 7. O-O Bg7 8. Bf4
O-O 9. Re1 Bf5 10. Ng3 Bxd3 11. Qxd3 e6 12. Nd2 a6 13. Nf3 b5 14. Ne5 Nxe5 15.
dxe5 Nd7 16. Qe3 Qb6 17. Qd2 Rac8 18. Bh6 Qc7 19. Bxg7 Kxg7 20. Qg5 Qd8 21.
Nh5+ Kh8 22. Nf6 Nxf6 23. exf6 d4 24. Rad1 Rc4 25. Rd3 Qc7 26. Qh6 Rg8 27.
Qxh7+ 1-0

[Event "Wellington Club Championship - Open Swiss"]
[Site "Wellington Chess Club"]
[Date "2024.10.10"]
[Round "3.6"]
[White "Pham, Anthony"]
[Black "Lieser, Joshua"]
[Result "0-1"]
[WhiteElo "1151"]
[BlackElo "1643"]
[WhiteFideId "0"]
[BlackFideId "4326385"]
[PlyCount "0"]
[EventDate "2024.09.26"]
[SourceDate ""]

1. e4 c6 2. d4 d5 3. Nc3 dxe4 4. Nxe4 Bf5 5. Bd3 Bxe4 6. Bxe4 Nf6 7. Bf3 e6 8.
Ne2 Nbd7 9. O-O Bd6 10. Bf4 Bxf4 11. Nxf4 O-O 12. c4 Qc7 13. g3 Rad8 14. d5
exd5 15. cxd5 Nb6 16. Rc1 Qb8 17. Rc5 cxd5 18. Nxd5 Nfxd5 19. Bxd5 Qd6 20. b4
Nxd5 21. Qd4 Nf6 22. Qxd6 Rxd6 23. Rc7 Rb6 24. Rb1 h6 25. a4 a6 26. b5 axb5 27.
Rxb5 Rxb5 28. axb5 Rb8 29. Kg2 Kf8 30. f4 Ke8 31. Kf3 Nd7 32. Rc1 Ke7 33. g4
Kf6 34. Ke4 g5 35. f5 Ne5 36. Rh1 Nxg4 37. h4 Nf2+ 0-1

[Event "Wellington Club Championship - Open Swiss"]
[Site "Wellington Chess Club"]
[Date "2024.10.10"]
[Round "3.7"]
[White "Qu, Lucas"]
[Black "Sethuramalingam, Niranjana"]
[Result "1-0"]
[WhiteElo "1620"]
[BlackElo "1098"]

1. e4 c6 2. d4 d5 3. exd5 cxd5 4. Bd3 Nc6 5. c3 Nf6 6. h3 e6 7. Bg5 e5 8. dxe5
Nxe5 9. Bb5+ Nc6 10. Nf3 a6 11. Ba4 b5 12. Bb3 Be6 13. O-O h6 14. Bxf6 gxf6 15.
Re1 Be7 16. Nd4 Nxd4 17. Qxd4 Rg8 18. Qh4 Rg6 19. Qh5 Qd6 20. Na3 Qc6 21. Rxe6
Qxe6 22. Bxd5 Qd6 23. Bxa8 Qd2 24. Rb1 Bc5 25. Qxc5 Qd8 26. Re1+ 1-0

[Event "Wellington Club Championship - Open Swiss"]
[Site "Wellington Chess Club"]
[Date "2024.10.10"]
[Round "3.8"]
[White "Ashe, Michael"]
[Black "Dey, Kyle"]
[Result "1-0"]
[WhiteElo "1591"]
[BlackElo "917"]
[WhiteFideId "4310462"]
[BlackFideId "4326369"]
[PlyCount "0"]
[EventDate "2024.09.26"]
[SourceDate ""]

1. d4 d5 2. c4 c6 3. Nc3 Nf6 4. e3 e6 5. Qc2 Bd6 6. Nf3 O-O 7. Bd3 Bd7 8. O-O
c5 9. cxd5 exd5 10. dxc5 Bxc5 11. Nxd5 Nc6 12. Nxf6+ Qxf6 13. Qxc5 b6 14. Qc2
Nb4 15. Qb1 Nxd3 16. Qxd3 Bc6 17. Nd4 Bb7 18. Qf5 Qh6 19. Bd2 g6 20. Qf6 Be4
21. Bc3 Rfd8 22. Nf5 Kf8 23. Qe7+ Kg8 24. Nxh6# 1-0

[Event "Wellington Club Championship - Open Swiss"]
[Site "Wellington Chess Club"]
[Date "2024.10.10"]
[Round "3.9"]
[White "Thingbaijam, Conan"]
[Black "Saglam, Azra Sena"]
[Result "0-1"]
[WhiteElo "1325"]
[BlackElo "1589"]
[WhiteFideId "4326792"]
[BlackFideId "4320956"]
[PlyCount "0"]
[EventDate "2024.09.26"]
[SourceDate ""]

1. e4 c5 2. Nf3 e6 3. d4 cxd4 4. Nxd4 Nf6 5. Nc3 d6 6. Be2 Be7 7. O-O O-O 8.
Be3 Nc6 9. Qd2 a6 10. Nf3 b5 11. a3 Bb7 12. Rfd1 Qc7 13. Bd3 Rfd8 14. h3 d5 15.
Bf4 Bd6 16. Bxd6 Qxd6 17. Qe1 Qc7 18. Rd2 Na5 19. Rdd1 Rac8 20. Qe2 dxe4 21.
Nxe4 Nd5 22. c3 Nf4 23. Qe3 Nxd3 24. Rxd3 Rxd3 25. Qxd3 Rd8 26. Qe2 Nc4 27. Rb1
h6 28. Ned2 Nb6 29. Re1 Qd7 30. Kh1 Nd5 31. Qd3 Qc7 32. Qc2 Nf4 33. Re3 a5 34.
Re1 Nd3 35. Rf1 Qc6 36. Kg1 Ne5 37. Re1 Rxd2 38. Qxd2 Nxf3+ 39. gxf3 Qxf3 40.
Qd8+ Kh7 41. Kf1 Bd5 42. Qxa5 Qxh3+ 43. Ke2 Qf3+ 44. Kd2 Qxf2+ 45. Re2 Qf4+ 46.
Re3 Bc4 47. Qb6 Qf2+ 48. Kc1 Bb3 49. Re2 Qxe2 50. Qf2 Qxf2 51. Kb1 Qe1# 0-1

[Event "Wellington Club Championship - Open Swiss"]
[Site "Wellington Chess Club"]
[Date "2024.10.10"]
[Round "3.10"]
[White "Sun, William"]
[Black "Tan, Jin"]
[Result "0-1"]
[WhiteElo "807"]
[BlackElo "1582"]
[WhiteFideId "4326784"]
[BlackFideId "4320972"]
[PlyCount "0"]
[EventDate "2024.09.26"]
[SourceDate ""]

1. e4 e5 2. Nf3 Nc6 3. Bc4 Bc5 4. b4 Bxb4 5. c3 Bc5 6. d4 exd4 7. cxd4 Bb4+ 8.
Bd2 Bxd2+ 9. Nbxd2 Nge7 10. O-O O-O 11. Re1 d5 12. exd5 Nxd5 13. Nf1 Bg4 14. h3
Bh5 15. Ng3 Bxf3 16. Qxf3 Nb6 17. d5 Na5 18. Bb3 Nxb3 19. axb3 Qxd5 20. Ne4 f5
21. Nd2 Qxd2 22. Qxb7 Qd5 23. Qxc7 Qxb3 24. Rxa7 Rxa7 25. Qxa7 Nd5 26. Qd7 h6
27. Re5 Qb1+ 28. Kh2 Nf4 29. Re7 Qb2 30. Qc7 Ng6 31. Rd7 Qe5+ 32. Qxe5 Nxe5 33.
Rd5 Ng6 34. Rd6 Kh7 35. Kg3 f4+ 36. Kg4 Ne5+ 37. Kh4 Rf5 38. g4 Nf3# 0-1

[Event "Wellington Club Championship - Open Swiss"]
[Site "Wellington Chess Club"]
[Date "2024.10.10"]
[Round "3.11"]
[White "Munim, Ahmed"]
[Black "Kumar, Raghava"]
[Result "1-0"]
[WhiteElo "1542"]
[BlackElo "1500"]
[WhiteFideId "0"]
[BlackFideId "0"]
[PlyCount "0"]
[EventDate "2024.09.26"]
[SourceDate ""]

1. e4 c6 2. Nc3 a6 3. Nf3 d5 4. d4 dxe4 5. Nxe4 h6 $2 6. Bc4 Bf5 $4 7. Ng3 $4
Bg6 $2 8. Ne5 $1 Nf6 9. Nf5 Nd5 10. Nxg6 fxg6 11. Nh4 Qd6 12. O-O Nd7 13. Bd3
g5 14. Qh5+ Kd8 15. Bxg5 $2 N7f6 $4 16. Bxf6 gxf6 17. Qf7 Nf4 18. Bf5 Qd5 19.
Qxd5+ cxd5 20. Rfe1 Kc7 21. g3 Rg8 22. Kf1 Nh5 23. Ng6 Kd6 $6 24. Re6+ Kc7 25.
Nxe7 Bxe7 26. Rxe7+ Kb6 27. Rae1 Rg5 28. g4 Ng7 29. h4 Nxf5 30. hxg5 $6 Nxe7
31. Rxe7 fxg5 32. Re6+ Kb5 33. Rxh6 Rg8 34. Rh7 b6 35. Kg2 Kc4 36. c3 a5 37.
Rc7+ Kd3 38. Rd7 Kc4 39. Kg3 Rg6 40. f4 gxf4+ 41. Kxf4 Rc6 $6 42. Kf5 b5 43. g5
b4 44. cxb4 axb4 45. g6 Kxd4 46. g7 Rc8 47. Ke6 Re8+ 48. Kf7 Ra8 49. g8=Q Rxg8
50. Kxg8 Kc4 51. Rc7+ Kd4 52. a3 bxa3 53. bxa3 Ke3 54. a4 d4 55. a5 d3 56. a6
d2 57. Rd7 1-0